000 01279nam a22003497a 4500
003 CHAP
005 20220329133552.0
008 971013s1993 r 00010 d
010 _a7994
011 _a8966
035 _a8200
040 _cCHAP
090 _aTesis
100 0 0 _aHernández López, Aurelio.
_954236
245 _aInfluencia de aclareos sobre la relación madera temprana - madera tardía y la densidad de la madera a diferentes alturas del fuste en Pinus patula Schl et Cham
260 _aChapingo, Méx. :
_bEl autor,
_c1993
300 _a81 h.
502 _aTesis (Ing. For. con Orientación en Industrias Forestales y en Evaluación y Abastecimiento) -- UACH. División de Ciencias Forestales
590 _aALEPH
_b10
_c20130110
_lUCH01
_h1221
590 _aBATCH-UPD
_b10
_c20130110
_lUCH01
_h1747
590 _aBATCH-UPD
_b10
_c20130410
_lUCH01
_h1125
590 _aBATCH-UPD
_b10
_c20130913
_lUCH01
_h1909
590 _aCONVERSION
_b10
_c20130109
_lUCH01
_h1305
650 1 4 _aAclareos.
_9615
650 1 4 _aMadera
_xAnálisis.
_969595
650 1 4 _aMadera
_xNormas de calidad.
_969614
650 1 4 _aPinus patula.
_988356
700 0 _aMartínez Reyes, Magdalena.
_972443
901 _aBK
942 _cTESIS
949 _bBC
_cTES
_d-18366
_eTS1
_h26389
_i8200
_si
999 _c7994
_d7994